| 000 | 00818nam a22002297a 4500 | ||
|---|---|---|---|
| 005 | 20170124110218.0 | ||
| 010 | _aA-739451 | ||
| 020 |
_c00.00 _a812240748X |
||
| 035 | _aA-739451 | ||
| 037 | _bCen Lib/Ret | ||
| 040 |
_aDPL _bEN |
||
| 082 |
_a808.899282 _bTEL |
||
| 245 |
_aTelling tales : _cedited by Amit Dasgupta _bchildren's literature in India / |
||
| 260 |
_aNew Delhi _bWiley Eastern Limited _c1995 |
||
| 270 |
_bNew Delhi _a4835/24, Ansari Road, Daryaganj _e110002 |
||
| 300 |
_aviii,154p. _c23cm(Hb) |
||
| 500 | _aIncludes index | ||
| 650 |
_aChildren's literature, Indic _9105504 |
||
| 650 |
_aChildren's literature, Indic _9105505 |
||
| 700 |
_aDasgupta, Amit _929293 |
||
| 942 |
_2ddc _cEN _h808.899282 _mTEL |
||
| 999 |
_c134007 _d134007 |
||